Ociňujučy zdobute

Bibliographic Details
Main Author: Lychvar, Stepan (Author)
Format: Article
Language:Ukrainian
PhysicalDescription:Obr. 1.
Subjects:

MARC

LEADER 00000nab a2200000 a 4500
001 vtls000084920
003 SK-MaSNL
005 20260319073717.0
008 111103c1981 xo 0 ukr
015 |a SNBRB19rr/mm-uuuuu 
035 |a CL0095022 
040 |a SNKBUCL  |b slo  |c SNKBUCL  |e AACR2 
041 0 |a ukr 
044 |a xo  |c SK 
080 |a 374  |2 1981 
100 1 |a Lychvar, Stepan  |4 aut  |9 1003827 
245 1 0 |a Ociňujučy zdobute  |c Stepan Lychvar 
300 |b Obr. 1. 
610 2 7 |a Kultúrny zväz ukrajinských pracujúcich (Slovensko)  |2 snkbucl  |9 89421 
655 7 |a články z novín a časopisov  |2 snkbucl  |9 267496 
773 0 |t Družno vpered  |g Roč. 30, č. 1 (1981), s. 2-3 
850 |a Slovenská národná knižnica v Martine  |a MTA001 
852 |a SNK  |b KIS3GCP 
992 |a RBX 
999 |c 1661978  |d 1663908